<?xml version="1.0" encoding="UTF-8"?>
<record
    xmlns:xsi="http://www.w3.org/2001/XMLSchema-instance"
    xsi:schemaLocation="http://www.loc.gov/MARC21/slim http://www.loc.gov/standards/marcxml/schema/MARC21slim.xsd"
    xmlns="http://www.loc.gov/MARC21/slim">

  <leader>00861nam a22002177a 4500</leader>
  <controlfield tag="003">OSt</controlfield>
  <controlfield tag="005">20201026150355.0</controlfield>
  <controlfield tag="008">201026b1984    ck ||||gr|||| 00| 0 spa d</controlfield>
  <datafield tag="040" ind1=" " ind2=" ">
    <subfield code="a">CO-JMCR</subfield>
    <subfield code="c">CO-JMCR</subfield>
  </datafield>
  <datafield tag="041" ind1="0" ind2=" ">
    <subfield code="a">spa</subfield>
  </datafield>
  <datafield tag="082" ind1=" " ind2=" ">
    <subfield code="a">923.587 / </subfield>
    <subfield code="b">B689s</subfield>
    <subfield code="2">23</subfield>
  </datafield>
  <datafield tag="100" ind1="1" ind2=" ">
    <subfield code="a">Sim&#xF3;n, Bol&#xED;var, </subfield>
    <subfield code="d">1783-1830</subfield>
    <subfield code="e">autor</subfield>
    <subfield code="9">11963</subfield>
  </datafield>
  <datafield tag="245" ind1="1" ind2="0">
    <subfield code="a">Sim&#xF3;n Bol&#xED;var: </subfield>
    <subfield code="b">escritos pol&#xED;ticos / </subfield>
    <subfield code="c">Sim&#xF3;n Bol&#xED;var </subfield>
  </datafield>
  <datafield tag="260" ind1=" " ind2=" ">
    <subfield code="a">[Bogot&#xE1;]</subfield>
    <subfield code="b">Ancora, </subfield>
    <subfield code="c">[1984.]</subfield>
  </datafield>
  <datafield tag="300" ind1=" " ind2=" ">
    <subfield code="a">129 p&#xE1;ginas ; </subfield>
    <subfield code="c">18 cm.</subfield>
  </datafield>
  <datafield tag="505" ind1="0" ind2=" ">
    <subfield code="a">Manifiesto de Cartagena -- Cartas de Jamaica -- Discurso de Angostura -- Discurso ante el Congreso Constituyente de Bol&#xED;var -- Proyectos Panamericanos -- Carta a Daniel Florencio O&#xB4;leary -- Carta a Juan Jos&#xE9; Fl&#xF3;res </subfield>
  </datafield>
  <datafield tag="650" ind1="2" ind2="4">
    <subfield code="a">Escritos </subfield>
    <subfield code="x">Sim&#xF3;n Bol&#xED;var</subfield>
    <subfield code="9">11962</subfield>
  </datafield>
  <datafield tag="650" ind1="2" ind2="4">
    <subfield code="a">Panamericanos </subfield>
    <subfield code="9">11964</subfield>
  </datafield>
  <datafield tag="650" ind1="2" ind2="4">
    <subfield code="a">Homenaje </subfield>
    <subfield code="x">Sim&#xF3;n Bol&#xED;var</subfield>
    <subfield code="9">11961</subfield>
  </datafield>
  <datafield tag="942" ind1=" " ind2=" ">
    <subfield code="2">ddc</subfield>
    <subfield code="c">BK</subfield>
  </datafield>
  <datafield tag="999" ind1=" " ind2=" ">
    <subfield code="c">6971</subfield>
    <subfield code="d">6971</subfield>
  </datafield>
  <datafield tag="952" ind1=" " ind2=" ">
    <subfield code="0">0</subfield>
    <subfield code="1">0</subfield>
    <subfield code="2">ddc</subfield>
    <subfield code="4">0</subfield>
    <subfield code="7">0</subfield>
    <subfield code="a">CPL</subfield>
    <subfield code="b">CPL</subfield>
    <subfield code="c">GEN</subfield>
    <subfield code="d">2020-10-02</subfield>
    <subfield code="e">Donaci&#xF3;n</subfield>
    <subfield code="l">0</subfield>
    <subfield code="o">923.587 / B689s</subfield>
    <subfield code="p">201810274</subfield>
    <subfield code="r">2024-05-16 00:00:00</subfield>
    <subfield code="w">2020-10-02</subfield>
    <subfield code="y">BK</subfield>
  </datafield>
</record>
